000 00629nam a2200241Ia 4500
003 LK-CoDNM
008 010623t1930 xxu||||| |||| 00| 1 eng d
040 _aLK-CoDNM
_dLK-CoDNM
_eLK-CoDNM
041 _aeng
080 _a10 S 8.2
100 _aAdcock,F.E.
245 _aThe Cambridge ancient History : The Hellentstic Monarchies and the rise of Rome
260 _bCambridge University Press
_aLondon
_c1930
300 _bxiii,198p,pl., 24 cm
650 _aBosporus
650 _aCelts
650 _aCoins
650 _aItaly
650 _aSpain
700 _aCharlesworth,M.P.
700 _aCook,S.A.
942 _cBK
999 _c95215
_d95215